<?xml version="1.0" encoding="UTF-8"?><?xml-stylesheet type="text/xsl" href="static/style.xsl"?><OAI-PMH xmlns="http://www.openarchives.org/OAI/2.0/" xmlns:xsi="http://www.w3.org/2001/XMLSchema-instance" xsi:schemaLocation="http://www.openarchives.org/OAI/2.0/ http://www.openarchives.org/OAI/2.0/OAI-PMH.xsd"><responseDate>2026-04-13T06:42:17Z</responseDate><request verb="GetRecord" identifier="oai:www.recercat.cat:10256/24224" metadataPrefix="marc">https://recercat.cat/oai/request</request><GetRecord><record><header><identifier>oai:recercat.cat:10256/24224</identifier><datestamp>2024-05-21T10:39:12Z</datestamp><setSpec>com_2072_452955</setSpec><setSpec>com_2072_2054</setSpec><setSpec>col_2072_452960</setSpec></header><metadata><record xmlns="http://www.loc.gov/MARC21/slim" xmlns:dcterms="http://purl.org/dc/terms/" xmlns:xsi="http://www.w3.org/2001/XMLSchema-instance" xmlns:doc="http://www.lyncode.com/xoai" xsi:schemaLocation="http://www.loc.gov/MARC21/slim http://www.loc.gov/standards/marcxml/schema/MARC21slim.xsd">
   <leader>00925njm 22002777a 4500</leader>
   <datafield ind2=" " ind1=" " tag="042">
      <subfield code="a">dc</subfield>
   </datafield>
   <datafield ind2=" " ind1=" " tag="720">
      <subfield code="a">Capurro, Bruno</subfield>
      <subfield code="e">author</subfield>
   </datafield>
   <datafield ind2=" " ind1=" " tag="720">
      <subfield code="a">Tey-Pons, Marc</subfield>
      <subfield code="e">author</subfield>
   </datafield>
   <datafield ind2=" " ind1=" " tag="720">
      <subfield code="a">Carrera Burgaya, Ana</subfield>
      <subfield code="e">author</subfield>
   </datafield>
   <datafield ind2=" " ind1=" " tag="720">
      <subfield code="a">Marqués-López, Fernando</subfield>
      <subfield code="e">author</subfield>
   </datafield>
   <datafield ind2=" " ind1=" " tag="720">
      <subfield code="a">Marín-Peña, Oliver</subfield>
      <subfield code="e">author</subfield>
   </datafield>
   <datafield ind2=" " ind1=" " tag="720">
      <subfield code="a">Torres-Eguía, Raúl</subfield>
      <subfield code="e">author</subfield>
   </datafield>
   <datafield ind2=" " ind1=" " tag="720">
      <subfield code="a">Monllau García, Juan Carlos</subfield>
      <subfield code="e">author</subfield>
   </datafield>
   <datafield ind2=" " ind1=" " tag="720">
      <subfield code="a">Reina de la Torre, Francisco</subfield>
      <subfield code="e">author</subfield>
   </datafield>
   <datafield ind2=" " ind1=" " tag="260">
      <subfield code="c">2023-02-20</subfield>
   </datafield>
   <datafield ind2=" " ind1=" " tag="520">
      <subfield code="a">Background: The integrity of the acetabular labrum is critical in providing normal function and minimizing hip degeneration and is considered key for success in today's hip preservation algorithm. Many advances have been made in labral repair and reconstruction to restore the suction seal. Purpose/hypothesis: To compare the biomechanical effects of segmental labral reconstruction between the synthetic polyurethane scaffold (PS) and fascia lata autograft (FLA). Our hypothesis was that reconstruction with a macroporous polyurethane implant and autograft reconstruction of fascia lata would normalize hip joint kinetics and restore the suction seal. Study design: Controlled laboratory study. Methods: Ten cadaveric hips from 5 fresh-frozen pelvises underwent biomechanical testing with a dynamic intra-articular pressure measurement system under 3 conditions: (1) intact labrum, (2) reconstruction with PS after a 3-cm segmental labrectomy, then (3) reconstruction with FLA. Contact area, contact pressure, and peak force were evaluated in 4 positions: 90º of flexion in neutral, 90º of flexion plus internal rotation, 90º of flexion plus external rotation, and 20º of extension. A labral seal test was performed for both reconstruction techniques. The relative change from the intact condition (value = 1) was determined for all conditions and positions. Results: PS restored contact area to at least 96% of intact (≥0.96; range, 0.96-0.98) in all 4 positions, and FLA restored contact area to at least 97% (≥0.97; range, 0.97-1.19). Contact pressure was restored to ≥1.08 (range, 1.08-1.11) with the PS and ≥1.08 (range, 1.08-1.10) with the FLA technique. Peak force returned to ≥1.02 (range, 1.02-1.05) with PS and ≥1.02 (range, 1.02-1.07) with FLA. No significant differences were found between the reconstruction techniques in contact area in any position (P > .06), with the exception that FLA presented greater contact area in flexion plus internal rotation as compared with PS (P = .003). Suction seal was confirmed in 80% of PSs and 70% of FLAs (P = .62). Conclusion: Segmental hip labral reconstruction using PS and FLA reapproximated femoroacetabular contact biomechanics close to the intact state. Clinical relevance: These findings provide preclinical evidence supporting the use of a synthetic scaffold as an alternative to FLA and therefore avoiding donor site morbidity</subfield>
   </datafield>
   <datafield ind1="8" ind2=" " tag="024">
      <subfield code="a">http://hdl.handle.net/10256/24224</subfield>
   </datafield>
   <datafield tag="653" ind2=" " ind1=" ">
      <subfield code="a">Articulació coxofemoral</subfield>
   </datafield>
   <datafield tag="653" ind2=" " ind1=" ">
      <subfield code="a">Hip joint</subfield>
   </datafield>
   <datafield tag="653" ind2=" " ind1=" ">
      <subfield code="a">Biomecànica</subfield>
   </datafield>
   <datafield tag="653" ind2=" " ind1=" ">
      <subfield code="a">Biomechanics</subfield>
   </datafield>
   <datafield tag="653" ind2=" " ind1=" ">
      <subfield code="a">Cirurgia plàstica</subfield>
   </datafield>
   <datafield tag="653" ind2=" " ind1=" ">
      <subfield code="a">Surgery, Plastic</subfield>
   </datafield>
   <datafield ind2="0" ind1="0" tag="245">
      <subfield code="a">Polyurethane Scaffold vs Fascia Lata Autograft for Hip Labral Reconstruction: Comparison of Femoroacetabular Biomechanics</subfield>
   </datafield>
</record></metadata></record></GetRecord></OAI-PMH>